000 nam a22 a 4500
999 _c1425
_d1425
003 AKMAL
005 20170509145850.0
008 170509s1991 - 00 eng d
020 _a0070464278
040 _aAKMAL
082 0 4 _a302.34 SCA
090 _a302.34
_bSCA
100 _aScannell, Edward E.
_92806
245 1 0 _aStill more games trainers play :
_bexperiential learning exercises /
_cEdward E. Scannell and John W. Newstrom
260 _aNew York :
_bMcGraw-Hill,
_c1991
300 _axvii, 311p. :
_bill. ;
_c28cm
650 _aSmall groups
_92804
650 _aGames
_92807
650 _aEducational games
_92808
650 _aExperimental learning
_xProblems, exercises, etc.
_92809
700 1 _aNewstrom, John W.
_92810
942 _2ddc
_cBOOK